000 00794cab a2200217 4500
001 WB2303-08
008 090401t1987 xxu||||| |||| 00| 0 eng d
035 _a(Sirsi) u1924
041 _aeng
245 _aManagement contracting
260 _c1987
350 _a0
490 _aBuilding Trades Journal
_vVol 193 No 5688 15/1/87, p12
520 _aThe latest Building Bulletin from Savory Milln suggests that many clients are more aware of the reduced risks enjoyed by management contractors, and it is becoming common to find contracts which make the management contractor liable for more risks.
650 _aBUILT ENVIRONMENT-BUILDING CONTRACT FORMS
650 _aFIXED FEES
650 _aMANAGEMENT CONTRACTING
690 _aBUILT ENVIRONMENT
942 _n0
948 _c04/03/1997
999 _c1129
_d1129